[Event "26. Copenhagen Open  (Politiken Cup)"]
[Site "Taastrup"]
[Date "2004.07.29"]
[Round "7"]
[White "Tadjerbashi, Amir"]
[Black "Greiff, Hakan"]
[Result "1-0"]
[WhiteElo "2095"]
[BlackElo "2253"]
[PlyCount "55"]
[EventDate "2004.07.24"]
[EventType "swiss"]
[EventRounds "10"]
[EventCountry "DEN"]
[SourceDate "2004.01.01"]

1. e4 e5 2. Nf3 Nc6 3. d4 exd4 4. Bc4 Bc5 5. O-O Nf6 6. e5 d5 7. exf6 dxc4 8.
fxg7 Rg8 9. Bg5 Be7 10. Bxe7 Kxe7 11. Re1+ Be6 12. Re4 d3 13. Nbd2 Rxg7 14.
Nxc4 dxc2 15. Qxc2 Kf8 16. Ne3 Qf6 17. Nh4 Rd8 18. Re1 Rg5 19. f4 Rb5 20. a4
Rh5 21. Nf3 Nd4 22. Nxd4 Rxd4 23. Qc3 c5 24. f5 Bxf5 25. Qxc5+ Rd6 26. Re5 b6
27. Nxf5 Rxf5 28. Qc8+ 1-0

[Event "26. Copenhagen Open  (Politiken Cup)"]
[Site "Taastrup"]
[Date "2004.07.29"]
[Round "7"]
[White "Tandrup, Michael"]
[Black "Thomassen, Joachim"]
[Result "0-1"]
[WhiteElo "1955"]
[BlackElo "1462"]
[PlyCount "68"]
[EventDate "2004.07.24"]
[EventType "swiss"]
[EventRounds "10"]
[EventCountry "DEN"]
[SourceDate "2004.01.01"]

1. e4 c5 2. Nf3 d6 3. d4 cxd4 4. Nxd4 Nf6 5. Nc3 g6 6. Be3 Bg7 7. f3 O-O 8. Qd2
Nc6 9. Bc4 Bd7 10. O-O-O Qa5 11. Kb1 Ne5 12. Bb3 Rfc8 13. g4 Nc4 14. Bxc4 Rxc4
15. Nb3 Qc7 16. Bd4 Rc8 17. h4 b5 18. Rh2 a5 19. g5 b4 20. gxf6 bxc3 21. Bxc3
Rxc3 22. fxg7 Rxf3 23. h5 Bg4 24. hxg6 fxg6 25. Nd4 Rf7 26. Rg1 Qc4 27. c3 e5
28. Nb3 Qxe4+ 29. Ka1 h5 30. Qh6 Rxg7 31. Nxa5 Ra8 32. Nb3 Rxa2+ 33. Kxa2 Ra7+
34. Na5 Rxa5+ 0-1

[Event "26. Copenhagen Open  (Politiken Cup)"]
[Site "Taastrup"]
[Date "2004.07.29"]
[Round "7"]
[White "Taylor, Phil"]
[Black "Moller, Arne"]
[Result "1/2-1/2"]
[WhiteElo "2075"]
[BlackElo "1936"]
[PlyCount "53"]
[EventDate "2004.07.24"]
[EventType "swiss"]
[EventRounds "10"]
[EventCountry "DEN"]
[SourceDate "2004.01.01"]

1. e4 c5 2. Nf3 d6 3. d4 cxd4 4. Nxd4 Nf6 5. Nc3 a6 6. a4 Nc6 7. Be2 e6 8. O-O
Be7 9. Be3 O-O 10. f4 Qc7 11. Kh1 Bd7 12. Nb3 b6 13. Bd3 Bc8 14. Qf3 Bb7 15.
Qh3 e5 16. Nd5 Qc8 17. Qxc8 Raxc8 18. Nxb6 Rc7 19. Nc4 Nb4 20. fxe5 dxe5 21.
Nbd2 Nd7 22. Rac1 f6 23. Na5 Bc5 24. Bxc5 Nxc5 25. Bc4+ Kh8 26. Nxb7 Rxb7 27.
c3 1/2-1/2

[Event "26. Copenhagen Open  (Politiken Cup)"]
[Site "Taastrup"]
[Date "2004.07.29"]
[Round "7"]
[White "Thestrup, Sixten"]
[Black "Nielsen, Steffen"]
[Result "0-1"]
[WhiteElo "1917"]
[BlackElo "2124"]
[PlyCount "86"]
[EventDate "2004.07.24"]
[EventType "swiss"]
[EventRounds "10"]
[EventCountry "DEN"]
[SourceDate "2004.01.01"]

1. e4 Nf6 2. Nc3 e5 3. Nf3 Nc6 4. Bb5 d6 5. d4 exd4 6. Nxd4 Bd7 7. Nxc6 bxc6 8.
Bc4 Be7 9. O-O O-O 10. Re1 Ng4 11. f4 d5 12. Nxd5 cxd5 13. Qxd5 Be6 14. Qxd8
Raxd8 15. Bxe6 Bc5+ 16. Kh1 Nf2+ 17. Kg1 fxe6 18. Be3 Nxe4 19. Bxc5 Nxc5 20. b4
Na4 21. g3 Rd6 22. Re5 Rf5 23. Rae1 Rxe5 24. Rxe5 c5 25. bxc5 Rc6 26. Re4 Nxc5
27. Rc4 Rc7 28. Kf2 Na6 29. Ra4 Rxc2+ 30. Kf3 Rc6 31. Kg4 Kf7 32. h4 Kf6 33.
Ra5 Nb4 34. Rxa7 Ra6 35. Rxa6 Nxa6 36. a4 Nc5 37. a5 e5 38. fxe5+ Kxe5 39. Kg5
Ke4 40. h5 Ke5 41. g4 Na6 42. Kh4 Kf4 43. g5 Nc5 0-1

[Event "26. Copenhagen Open  (Politiken Cup)"]
[Site "Taastrup"]
[Date "2004.07.29"]
[Round "7"]
[White "Thomsen, Peter"]
[Black "Radovic, Slobodan"]
[Result "1-0"]
[WhiteElo "1631"]
[BlackElo "1382"]
[PlyCount "87"]
[EventDate "2004.07.24"]
[EventType "swiss"]
[EventRounds "10"]
[EventCountry "DEN"]
[SourceDate "2004.01.01"]

1. e4 c6 2. d4 d5 3. e5 Bf5 4. Bd3 Bxd3 5. Qxd3 e6 6. Ne2 Nd7 7. Nd2 Ne7 8. Ng3
c5 9. c3 Ng6 10. O-O cxd4 11. cxd4 Qb6 12. Nb3 Be7 13. Nh5 O-O-O 14. Bd2 Bb4
15. Rfc1+ Kb8 16. Nxg7 Bxd2 17. Qxd2 Rhg8 18. Nh5 Nh4 19. Ng3 Rg7 20. Qh6 Rg4
21. h3 Nf5 22. Nxf5 Rg6 23. Qxh7 exf5 24. Qxf7 Nxe5 25. Qxf5 Nd7 26. Nc5 Rg7
27. Nxd7+ Rgxd7 28. Qe5+ Ka8 29. Rc2 a6 30. Rac1 Ka7 31. b3 Qh6 32. Qe3 Qg7 33.
Qc3 Rg8 34. Qc5+ Kb8 35. g3 Qh7 36. Kh2 Rh8 37. h4 Qg6 38. Qa5 Rxh4+ 39. gxh4
Qd6+ 40. Kg1 Rg7+ 41. Kf1 Rg8 42. Rc8+ Rxc8 43. Rxc8+ Kxc8 44. Qc5+ 1-0

[Event "26. Copenhagen Open  (Politiken Cup)"]
[Site "Taastrup"]
[Date "2004.07.29"]
[Round "7"]
[White "Trygstad, Kristian"]
[Black "Vul, Arkadi Eremeevich"]
[Result "1/2-1/2"]
[WhiteElo "2265"]
[BlackElo "2438"]
[PlyCount "36"]
[EventDate "2004.07.24"]
[EventType "swiss"]
[EventRounds "10"]
[EventCountry "DEN"]
[SourceDate "2004.01.01"]

1. e4 e5 2. Nf3 Nc6 3. Bb5 g6 4. d4 exd4 5. Bg5 Be7 6. Bxe7 Ngxe7 7. Nxd4 d5 8.
exd5 Qxd5 9. O-O Bd7 10. Nxc6 Qxd1 11. Rxd1 Bxc6 12. Nc3 O-O 13. Bxc6 Nxc6 14.
Rd7 Rac8 15. Rad1 Ne5 16. Re7 Nc6 17. Red7 Ne5 18. Re7 Nc6 1/2-1/2

[Event "26. Copenhagen Open  (Politiken Cup)"]
[Site "Taastrup"]
[Date "2004.07.29"]
[Round "7"]
[White "Trarup, Jorgen"]
[Black "Munk, Poul"]
[Result "1/2-1/2"]
[WhiteElo "1378"]
[BlackElo "1992"]
[PlyCount "101"]
[EventDate "2004.07.24"]
[EventType "swiss"]
[EventRounds "10"]
[EventCountry "DEN"]
[SourceDate "2004.01.01"]

1. e4 e6 2. d4 d5 3. e5 c5 4. Bb5+ Nc6 5. Nf3 Qb6 6. c4 dxc4 7. Nc3 cxd4 8.
Qxd4 Bc5 9. Bxc6+ Qxc6 10. Qh4 Ne7 11. O-O Nf5 12. Qf4 Bd7 13. Ne4 Be7 14. Bd2
h6 15. h4 Nxh4 16. Nxh4 g5 17. Nf6+ Kd8 18. Qd4 Bxf6 19. exf6 gxh4 20. Qxh4 Qb5
21. Be3 Bc6 22. Rad1+ Bd5 23. Qd4 Ke8 24. b3 cxb3 25. axb3 Kd7 26. Rc1 b6 27.
Qe5 Rhc8 28. Bf4 Ke8 29. Rfd1 Qd7 30. b4 Rxc1 31. Rxc1 Rc8 32. Rxc8+ Qxc8 33.
Qd6 Qd8 34. Qxd8+ Kxd8 35. Bxh6 Kd7 36. f4 Kc6 37. g4 Kb5 38. Bf8 a5 39. bxa5
bxa5 40. Kf1 Kc4 41. Ke2 Kc3 42. Ke3 Bb3 43. f5 exf5 44. g5 f4+ 45. Ke2 Bc2 46.
Bd6 a4 47. Bxf4 a3 48. Be5+ Kb3 49. Kd2 Bg6 50. Kc1 a2 51. Ba1 1/2-1/2

[Event "26. Copenhagen Open  (Politiken Cup)"]
[Site "Taastrup"]
[Date "2004.07.29"]
[Round "7"]
[White "Werner, Gert"]
[Black "Kaimer, Thomas"]
[Result "0-1"]
[WhiteElo "2085"]
[BlackElo "2237"]
[PlyCount "56"]
[EventDate "2004.07.24"]
[EventType "swiss"]
[EventRounds "10"]
[EventCountry "DEN"]
[SourceDate "2004.01.01"]

1. g3 e6 2. Bg2 f5 3. c4 Nf6 4. Nf3 Be7 5. O-O O-O 6. d4 d6 7. Nc3 Ne4 8. Qc2
Nxc3 9. Qxc3 a5 10. Re1 Nc6 11. e4 e5 12. dxe5 dxe5 13. a3 Bb4 14. axb4 axb4
15. Qb3 Rxa1 16. c5+ Kh8 17. Rd1 Qe7 18. exf5 Bxf5 19. Qe3 Bg4 20. h3 Bxf3 21.
Bxf3 Nd4 22. Bg4 Qxc5 23. Bd2 Rxd1+ 24. Bxd1 Qd6 25. Qe1 c5 26. f4 exf4 27.
Bxf4 Qe6 28. Qd2 Qxh3 0-1

[Event "26. Copenhagen Open  (Politiken Cup)"]
[Site "Taastrup"]
[Date "2004.07.29"]
[Round "7"]
[White "Willumsen, Niels Henrik"]
[Black "Hartvig, Ove Weiss"]
[Result "0-1"]
[WhiteElo "2178"]
[BlackElo "2270"]
[PlyCount "76"]
[EventDate "2004.07.24"]
[EventType "swiss"]
[EventRounds "10"]
[EventCountry "DEN"]
[SourceDate "2004.01.01"]

1. e4 c5 2. Nf3 d6 3. d4 cxd4 4. Nxd4 Nf6 5. Nc3 g6 6. Be3 Bg7 7. f3 O-O 8. Qd2
Nc6 9. Bc4 Bd7 10. O-O-O Rc8 11. Bb3 Ne5 12. h4 h5 13. Bg5 Rc5 14. f4 Nc4 15.
Qd3 b5 16. e5 dxe5 17. Bxf6 Bxf6 18. Ndxb5 Nxb2 19. Qxg6+ Bg7 20. Ne4 Rc6 21.
Nbd6 Nc4 22. Nxf7 Qa5 23. Rd6 Qa3+ 24. Kd1 Bg4+ 25. Qxg4 Rxd6+ 26. Nfxd6 hxg4
27. Bxc4+ Kh8 28. Nf7+ Rxf7 29. Bxf7 exf4 30. Bb3 Qb4 31. Re1 Qd4+ 32. Kc1 Qa1+
33. Kd2 Qd4+ 34. Kc1 f3 35. gxf3 gxf3 36. Nd2 Qa1+ 37. Nb1 Bh6+ 38. Kd1 Qxb1#
0-1

[Event "26. Copenhagen Open  (Politiken Cup)"]
[Site "Taastrup"]
[Date "2004.07.29"]
[Round "7"]
[White "Wilsbeck, Jan Borge"]
[Black "Erikstad, Olav"]
[Result "1-0"]
[WhiteElo "1973"]
[BlackElo "1503"]
[PlyCount "83"]
[EventDate "2004.07.24"]
[EventType "swiss"]
[EventRounds "10"]
[EventCountry "DEN"]
[SourceDate "2004.01.01"]

1. e4 c6 2. d4 d5 3. e5 Bf5 4. Nc3 e6 5. g4 Bg6 6. Nge2 Ne7 7. Nf4 c5 8. Nb5
Nec6 9. h4 Nb4 10. Na3 h6 11. Nxg6 fxg6 12. c3 N4c6 13. Bd3 Kd7 14. Bxg6 Be7
15. h5 Rf8 16. Be3 cxd4 17. cxd4 Bxa3 18. bxa3 Qa5+ 19. Qd2 Qxa3 20. Rb1 b6 21.
Bd3 Na6 22. Rb3 Qa5 23. Qxa5 Nxa5 24. Bxa6 Nxb3 25. axb3 Rab8 26. Bd3 Rf3 27.
Be2 Rf7 28. f4 Rc8 29. Kd2 a5 30. f5 Rc7 31. fxe6+ Kxe6 32. g5 hxg5 33. Bg4+
Ke7 34. Bxg5+ Kf8 35. h6 Rf2+ 36. Ke3 Rfc2 37. hxg7+ Kg8 38. Bf6 R2c3+ 39. Kf4
Rxg7 40. Be6+ Kf8 41. Rh8+ Rg8 42. Rxg8# 1-0

[Event "26. Copenhagen Open  (Politiken Cup)"]
[Site "Taastrup"]
[Date "2004.07.29"]
[Round "7"]
[White "Zyde, Fadmal"]
[Black "Vedelfort, Tommy"]
[Result "0-1"]
[WhiteElo "1522"]
[BlackElo "1867"]
[PlyCount "112"]
[EventDate "2004.07.24"]
[EventType "swiss"]
[EventRounds "10"]
[EventCountry "DEN"]
[SourceDate "2004.01.01"]

1. e4 e6 2. d4 d5 3. exd5 exd5 4. Nf3 Bd6 5. Nc3 c6 6. Bg5 f6 7. Bh4 Ne7 8. Bd3
O-O 9. Bg3 Re8 10. Ne2 Bf5 11. Nh4 Bg6 12. Nxg6 Nxg6 13. Bxg6 hxg6 14. Bxd6
Qxd6 15. O-O Nd7 16. Ng3 Re7 17. Re1 Rae8 18. Rxe7 Rxe7 19. Qd2 Kf7 20. Re1
Rxe1+ 21. Qxe1 Qe6 22. Qa5 a6 23. Qc7 b6 24. h3 Ke7 25. Qc8 a5 26. Qc7 Qd6 27.
Qc8 Kf7 28. Nf1 b5 29. a3 Nf8 30. b3 Ne6 31. c3 Qc7 32. Qa8 Nf4 33. Ng3 Nd3 34.
Ne2 Qe7 35. Qxc6 Qxe2 36. Qxd5+ Qe6 37. Qxb5 Qf5 38. Qxf5 gxf5 39. Kf1 Ke6 40.
b4 axb4 41. axb4 Kd5 42. Ke2 Kc4 43. b5 Nf4+ 44. Kf3 Nd5 45. b6 Nxb6 46. Kf4 g6
47. g4 Nd5+ 48. Kf3 fxg4+ 49. hxg4 Nxc3 50. Ke3 Kd5 51. f4 Nb5 52. Kd3 Nxd4 53.
Ke3 Nb5 54. Kd3 Nd6 55. Ke3 Kc4 56. g5 f5 0-1

[Event "26. Copenhagen Open  (Politiken Cup)"]
[Site "Taastrup"]
[Date "2004.07.30"]
[Round "8"]
[White "Aabling Thomsen, Jakob"]
[Black "Pedersen, Audun"]
[Result "0-1"]
[WhiteElo "2139"]
[BlackElo "2034"]
[PlyCount "58"]
[EventDate "2004.07.24"]
[EventType "swiss"]
[EventRounds "10"]
[EventCountry "DEN"]
[SourceDate "2004.01.01"]

1. e4 e6 2. d4 d5 3. Nc3 Nf6 4. e5 Nfd7 5. f4 c5 6. Nf3 Nc6 7. Be3 cxd4 8. Nxd4
Bc5 9. Qd2 O-O 10. O-O-O Nxd4 11. Bxd4 a6 12. Kb1 b5 13. f5 b4 14. Bxc5 Nxc5
15. Ne2 Ne4 16. Qf4 exf5 17. h4 Qb6 18. Nd4 a5 19. g4 fxg4 20. Bg2 Nc3+ 21.
bxc3 bxc3+ 22. Nb3 a4 23. Qd4 Qb5 24. Qc5 Rb8 25. Rxd5 Qe2 26. Qxc3 Qxg2 27.
Rhd1 axb3 28. axb3 Be6 29. R5d2 Qb7 0-1

[Event "26. Copenhagen Open  (Politiken Cup)"]
[Site "Taastrup"]
[Date "2004.07.30"]
[Round "8"]
[White "Agustsson, Hafsteinn"]
[Black "Holstein, Erik"]
[Result "1/2-1/2"]
[WhiteElo "1957"]
[BlackElo "2103"]
[PlyCount "43"]
[EventDate "2004.07.24"]
[EventType "swiss"]
[EventRounds "10"]
[EventCountry "DEN"]
[SourceDate "2004.01.01"]

1. e4 e6 2. d4 d5 3. Nc3 Bb4 4. e5 c5 5. a3 Bxc3+ 6. bxc3 Ne7 7. a4 Qa5 8. Bb5+
Bd7 9. Bxd7+ Nxd7 10. Bd2 Qc7 11. Nf3 Rc8 12. Ra2 O-O 13. Qe2 Nc6 14. h4 cxd4
15. cxd4 Qb6 16. Qb5 Rc7 17. c3 Na5 18. Ke2 Qxb5+ 19. axb5 b6 20. Ne1 f6 21. f4
fxe5 22. fxe5 1/2-1/2

[Event "26. Copenhagen Open  (Politiken Cup)"]
[Site "Taastrup"]
[Date "2004.07.30"]
[Round "8"]
[White "Andersen, Rune"]
[Black "Pedersen, Thomas"]
[Result "1-0"]
[WhiteElo "2042"]
[BlackElo "1712"]
[PlyCount "57"]
[EventDate "2004.07.24"]
[EventType "swiss"]
[EventRounds "10"]
[EventCountry "DEN"]
[SourceDate "2004.01.01"]

1. d4 d5 2. c4 e6 3. Nc3 Be7 4. Nf3 Nf6 5. Bf4 dxc4 6. e4 a6 7. a4 Bb4 8. Qc2
Nc6 9. Rd1 b5 10. Be2 Ne7 11. Bg5 c6 12. O-O Bxc3 13. bxc3 Bb7 14. Nd2 Ng6 15.
e5 h6 16. Bxf6 gxf6 17. Ne4 fxe5 18. dxe5 Qb8 19. Nf6+ Ke7 20. Rd7+ Kf8 21. f4
Ne7 22. Bh5 c5 23. Rfd1 Bd5 24. R7xd5 Nxd5 25. Nd7+ Ke7 26. Nxb8 Raxb8 27. Qf2
Nxc3 28. Qxc5+ Ke8 29. Qc6+ 1-0

[Event "26. Copenhagen Open  (Politiken Cup)"]
[Site "Taastrup"]
[Date "2004.07.30"]
[Round "8"]
[White "Andersson, Christin"]
[Black "Reppen, Ellisiv"]
[Result "1/2-1/2"]
[WhiteElo "2196"]
[BlackElo "1668"]
[PlyCount "76"]
[EventDate "2004.07.24"]
[EventType "swiss"]
[EventRounds "10"]
[EventCountry "DEN"]
[SourceDate "2004.01.01"]

1. e4 e6 2. d4 d5 3. exd5 exd5 4. Bd3 Bd6 5. Nf3 Nf6 6. O-O O-O 7. Bg5 Bg4 8.
c3 c6 9. Bc2 Bh5 10. Nbd2 Nbd7 11. Re1 Qc7 12. Nf1 Bg6 13. Ng3 Bxc2 14. Qxc2 h6
15. Be3 Rfe8 16. Nf5 Ng4 17. h3 Nxe3 18. Nxe3 Re6 19. Qf5 Rae8 20. Ng4 Rxe1+
21. Rxe1 Rxe1+ 22. Nxe1 Nf8 23. Nd3 Qe7 24. Ne3 Qe6 25. Qf3 Nd7 26. Nf5 Nf6 27.
Nxd6 Qxd6 28. Qf5 Qd7 29. Qe5 Qe8 30. Qc7 Qe2 31. Qc8+ Kh7 32. Qf5+ Kg8 33. Kh2
Qe4 34. Qc8+ Kh7 35. Ne5 Qf4+ 36. Kg1 Qc1+ 37. Kh2 Qf4+ 38. Kg1 Qc1+ 1/2-1/2

[Event "26. Copenhagen Open  (Politiken Cup)"]
[Site "Taastrup"]
[Date "2004.07.30"]
[Round "8"]
[White "Archangelsky, Mikhail"]
[Black "Ziska, Helgi Dam"]
[Result "1-0"]
[WhiteElo "2312"]
[BlackElo "1604"]
[PlyCount "45"]
[EventDate "2004.07.24"]
[EventType "swiss"]
[EventRounds "10"]
[EventCountry "DEN"]
[SourceDate "2004.01.01"]

1. d4 Nf6 2. Bg5 Ne4 3. Bf4 d5 4. e3 Bf5 5. f3 Nf6 6. c4 e6 7. Nc3 c6 8. Qb3 b6
9. g4 Bg6 10. h4 h5 11. g5 dxc4 12. Qxc4 Nfd7 13. O-O-O b5 14. Qb3 a5 15. a4 b4
16. Ne4 Nb6 17. Nc5 Qd5 18. e4 Qxb3 19. Nxb3 N8d7 20. Rh2 Be7 21. Rc2 O-O 22.
Nc5 Rac8 23. Ba6 1-0

[Event "26. Copenhagen Open  (Politiken Cup)"]
[Site "Taastrup"]
[Date "2004.07.30"]
[Round "8"]
[White "Baark, Mathias"]
[Black "Nilsson, Nils Specht"]
[Result "0-1"]
[WhiteElo "1811"]
[BlackElo "2140"]
[PlyCount "68"]
[EventDate "2004.07.24"]
[EventType "swiss"]
[EventRounds "10"]
[EventCountry "DEN"]
[SourceDate "2004.01.01"]

1. f4 d5 2. Nf3 g6 3. g3 Bg7 4. Bg2 Nf6 5. O-O c5 6. d3 Nc6 7. c3 O-O 8. Qe1
Bg4 9. h3 Bxf3 10. Bxf3 e5 11. e4 dxe4 12. dxe4 exf4 13. gxf4 Qd7 14. Qg3 Rad8
15. Kh1 Qd3 16. Qg2 Kh8 17. Nd2 Rfe8 18. Rg1 Bh6 19. Be2 Qe3 20. Bf3 Qxf4 21.
Nf1 Qh4 22. Bxh6 Qxh6 23. Nh2 Ne5 24. Rae1 Rd2 25. Be2 Nh5 26. Ng4 Nxg4 27.
Qxg4 Nf4 28. h4 Rxe2 29. Rxe2 Nxe2 30. Rf1 Rxe4 31. Qc8+ Kg7 32. Rf3 Rxh4+ 33.
Kg2 Rh2+ 34. Kf1 Qc1# 0-1

[Event "26. Copenhagen Open  (Politiken Cup)"]
[Site "Taastrup"]
[Date "2004.07.30"]
[Round "8"]
[White "Bach, Matthias"]
[Black "Olsson, Tomas"]
[Result "1-0"]
[WhiteElo "2354"]
[BlackElo "2099"]
[PlyCount "65"]
[EventDate "2004.07.24"]
[EventType "swiss"]
[EventRounds "10"]
[EventCountry "DEN"]
[SourceDate "2004.01.01"]

1. d4 Nf6 2. c4 g6 3. Nc3 Bg7 4. e4 d6 5. f4 O-O 6. Nf3 c5 7. d5 e6 8. Be2 exd5
9. cxd5 Bg4 10. O-O Nbd7 11. Re1 Re8 12. h3 Bxf3 13. Bxf3 a6 14. a4 c4 15. Be3
Qa5 16. Qe2 Rac8 17. Qf2 Nc5 18. Bxc5 Rxc5 19. Rad1 Nd7 20. e5 dxe5 21. d6 Rb8
22. Bd5 e4 23. f5 Nf6 24. fxg6 hxg6 25. Nxe4 Rxd5 26. Nxf6+ Bxf6 27. Rxd5 Qxd5
28. Qxf6 Qf5 29. Qe7 Qc5+ 30. Kh1 Kg7 31. Rf1 Rf8 32. Qf6+ Kg8 33. Rf4 1-0

[Event "26. Copenhagen Open  (Politiken Cup)"]
[Site "Taastrup"]
[Date "2004.07.30"]
[Round "8"]
[White "Bank, Pelle Rodkjaer"]
[Black "Laato, Antti"]
[Result "1/2-1/2"]
[WhiteElo "2277"]
[BlackElo "2210"]
[PlyCount "127"]
[EventDate "2004.07.24"]
[EventType "swiss"]
[EventRounds "10"]
[EventCountry "DEN"]
[SourceDate "2004.01.01"]

1. e4 e6 2. d3 c5 3. Nf3 Nc6 4. g3 d6 5. Bg2 Nf6 6. O-O Be7 7. Nbd2 O-O 8. a4
Qc7 9. Nc4 Rd8 10. c3 b6 11. Re1 Bb7 12. Qc2 h6 13. Bf4 e5 14. Bd2 Bc8 15. h3
Be6 16. Rad1 a6 17. Nh4 d5 18. exd5 Bxd5 19. a5 bxa5 20. Bc1 Bxg2 21. Kxg2 Re8
22. Qe2 Bf8 23. Qf3 Nh7 24. Nf5 Rac8 25. h4 Re6 26. Re2 Rce8 27. Rde1 Rf6 28.
Qe4 Qd7 29. Nfe3 Rfe6 30. Nb6 Qd8 31. Nbd5 Nf6 32. Nxf6+ Qxf6 33. Nc4 Qe7 34.
h5 Qc7 35. Re3 Be7 36. Rf3 Bd8 37. Rf5 f6 38. Qd5 Nb8 39. f4 Qc6 40. Qxc6 Nxc6
41. fxe5 Nxe5 42. Nxe5 Bc7 43. Bf4 fxe5 44. Bc1 c4 45. dxc4 Rc6 46. Re4 Rc8 47.
Be3 Bd6 48. c5 Bxc5 49. Bxc5 Rxc5 50. Rexe5 Rxe5 51. Rxe5 Rb8 52. Rxa5 Rxb2+
53. Kf3 Rb3 54. Rc5 a5 55. Ke4 a4 56. Kd3 Rb1 57. Ra5 Rg1 58. Rxa4 Rxg3+ 59.
Kc2 Rg5 60. Rh4 Kf7 61. Kd3 Ke6 62. Kd4 Kd6 63. c4 Kc6 64. Ke3 1/2-1/2

[Event "26. Copenhagen Open  (Politiken Cup)"]
[Site "Taastrup"]
[Date "2004.07.30"]
[Round "8"]
[White "Bindzus, Niels"]
[Black "Thomassen, Thomas"]
[Result "1-0"]
[WhiteElo "2011"]
[BlackElo "1860"]
[PlyCount "81"]
[EventDate "2004.07.24"]
[EventType "swiss"]
[EventRounds "10"]
[EventCountry "DEN"]
[SourceDate "2004.01.01"]

1. e4 c6 2. d4 d5 3. exd5 cxd5 4. c4 Nf6 5. Nc3 e6 6. Bg5 Bb4 7. Nf3 Qa5 8. Qb3
Ne4 9. Rc1 Nxg5 10. Nxg5 dxc4 11. Qxc4 O-O 12. Nf3 Bd7 13. a3 Be7 14. Be2 Bc6
15. O-O Nd7 16. Qd3 Rfd8 17. Ne4 Nf6 18. Nc5 Rd6 19. b4 Qd8 20. b5 Bd5 21. Rfd1
Rc8 22. Ne5 b6 23. Nb3 Rxc1 24. Rxc1 Nd7 25. Nc6 Qe8 26. Bf3 Bf6 27. Bxd5 Rxd5
28. Qc4 Qa8 29. g3 g6 30. Nd2 a6 31. bxa6 b5 32. Qb4 Qxa6 33. Ne4 Kg7 34. Nd6
Kg8 35. Ne8 Rf5 36. Qd6 Qb7 37. Nxf6+ Rxf6 38. Ne5 Nxe5 39. dxe5 Rf5 40. Rc7
Qa8 41. Qc5 1-0

[Event "26. Copenhagen Open  (Politiken Cup)"]
[Site "Taastrup"]
[Date "2004.07.30"]
[Round "8"]
[White "Borchgrevink, Harald"]
[Black "Ekeberg, Carl Fredrik"]
[Result "1-0"]
[WhiteElo "2227"]
[BlackElo "2298"]
[PlyCount "107"]
[EventDate "2004.07.24"]
[EventType "swiss"]
[EventRounds "10"]
[EventCountry "DEN"]
[SourceDate "2004.01.01"]

1. d4 Nf6 2. c4 g6 3. g3 Bg7 4. Bg2 d5 5. cxd5 Nxd5 6. e4 Nb6 7. Ne2 e5 8. d5
O-O 9. O-O c6 10. Nbc3 cxd5 11. exd5 Na6 12. a4 Bf5 13. b3 Qd7 14. Ba3 Rfd8 15.
Re1 Bh3 16. Bh1 Qg4 17. a5 Nc8 18. Bc1 Qh5 19. Ra4 Bg4 20. Qc2 Nd6 21. Ne4 Rac8
22. Qd2 Bxe2 23. Nxd6 Rxd6 24. Rh4 Qf5 25. Rxe2 Qb1 26. Rc4 Rcd8 27. Qc2 Qxc2
28. Rexc2 f5 29. b4 e4 30. f3 Rxd5 31. fxe4 Rd1+ 32. Kg2 fxe4 33. b5 Nb8 34.
Rxe4 R1d5 35. Rb4 a6 36. Kh3 Rh5+ 37. Kg4 Bf8 38. Rb3 axb5 39. Bxb7 Nd7 40. Kf3
b4 41. Ra2 Rb5 42. Ba6 Rf5+ 43. Kg2 Kg7 44. Rd3 Rc5 45. Be3 b3 46. Rxb3 Rd5 47.
Bb7 Rd1 48. Bf3 Rd6 49. a6 Nc5 50. Rba3 Nd3 51. Bd2 Rb6 52. Bc3+ Kh6 53. a7
Bxa3 54. Rxa3 1-0

[Event "26. Copenhagen Open  (Politiken Cup)"]
[Site "Taastrup"]
[Date "2004.07.30"]
[Round "8"]
[White "Brasoy, Aksel"]
[Black "Barr, Steven"]
[Result "1-0"]
[WhiteElo "2004"]
[BlackElo "1712"]
[PlyCount "69"]
[EventDate "2004.07.24"]
[EventType "swiss"]
[EventRounds "10"]
[EventCountry "DEN"]
[SourceDate "2004.01.01"]

1. d4 Nf6 2. c4 e6 3. Nc3 d5 4. cxd5 exd5 5. Bg5 c6 6. Qc2 g6 7. f3 Be7 8.
O-O-O b5 9. e4 b4 10. Na4 O-O 11. h4 dxe4 12. Bxf6 Bxf6 13. fxe4 Bxh4 14. Nf3
Bg5+ 15. Nxg5 Qxg5+ 16. Kb1 Be6 17. Nc5 Bg4 18. Be2 Nd7 19. Bxg4 Nxc5 20. Qxc5
Qxg4 21. Qc2 Qg5 22. Rh3 Kg7 23. Rf3 Rac8 24. Rdf1 c5 25. Qc4 Qe7 26. d5 Rce8
27. Re3 Qd6 28. Qc1 f5 29. Rh3 f4 30. Re1 Qe5 31. Qxc5 Qe7 32. Qd4+ Kg8 33. d6
Qb7 34. Rd3 Rf5 35. d7 1-0

[Event "26. Copenhagen Open  (Politiken Cup)"]
[Site "Taastrup"]
[Date "2004.07.30"]
[Round "8"]
[White "Bronnum, Jan"]
[Black "Bleis, Christian"]
[Result "1/2-1/2"]
[WhiteElo "2202"]
[BlackElo "2261"]
[PlyCount "174"]
[EventDate "2004.07.24"]
[EventType "swiss"]
[EventRounds "10"]
[EventCountry "DEN"]
[SourceDate "2004.01.01"]

1. d4 e6 2. Nf3 f5 3. Bf4 Nf6 4. Nbd2 b6 5. e3 Bb7 6. Bd3 Be7 7. h3 O-O 8. O-O
Ne4 9. Bh2 Rf6 10. Ne1 c5 11. c3 Rg6 12. Qc2 Nxd2 13. Qxd2 cxd4 14. cxd4 Nc6
15. a3 Rc8 16. Qe2 d6 17. b4 Bf6 18. Ba6 Bxa6 19. Qxa6 Rc7 20. Rd1 Ne7 21. Nd3
Kf7 22. Nf4 Rh6 23. d5 exd5 24. Nxd5 Nxd5 25. Rxd5 Rd7 26. Rfd1 Be7 27. Rxf5+
Kg8 28. Rfd5 Rg6 29. Qc4 Kh8 30. Rc1 Qf8 31. Bf4 h6 32. Qd3 Rf6 33. Rc6 Qf7 34.
Rc8+ Bf8 35. Rxd6 Rfxd6 36. Bxd6 Qf6 37. Be5 Rxd3 38. Bxf6 gxf6 39. Rxf8+ Kg7
40. Rc8 Rxa3 41. Rc7+ Kg6 42. g4 h5 43. Kg2 h4 44. Kf3 Ra4 45. b5 Ra2 46. Rd7
Kh6 47. Rd5 Kg6 48. Rf5 Ra1 49. Rh5 Rb1 50. Ke4 Rb2 51. f4 Rb4+ 52. Kd3 Rb3+
53. Ke4 Rb4+ 54. Kf3 Rb2 55. Ke4 Rb4+ 56. Kd3 Rb3+ 57. Kd4 Rb4+ 58. Kc3 Re4 59.
Rxh4 Rxe3+ 60. Kd4 Rb3 61. Rh5 Rb4+ 62. Ke3 Rb3+ 63. Ke2 Kg7 64. h4 Rg3 65. g5
f5 66. g6 Rh3 67. Rxf5 Rxh4 68. Rf7+ Kxg6 69. Rxa7 Rh5 70. Kf3 Rxb5 71. Kg4 Rb4
72. Rc7 Rb1 73. Rc6+ Kf7 74. Kg5 b5 75. Rc7+ Ke8 76. f5 b4 77. Rb7 b3 78. Kf6
b2 79. Re7+ Kd8 80. Re2 Kd7 81. Rg2 Kd6 82. Kg6 Ke7 83. Re2+ Kd7 84. Kf6 Kd6
85. Rd2+ Kc7 86. Rg2 Kd6 87. Kg6 Ke7 1/2-1/2

[Event "26. Copenhagen Open  (Politiken Cup)"]
[Site "Taastrup"]
[Date "2004.07.30"]
[Round "8"]
[White "Brorsen, Jacob Abildlund"]
[Black "Tandrup, Michael"]
[Result "0-1"]
[WhiteElo "1530"]
[BlackElo "1955"]
[PlyCount "40"]
[EventDate "2004.07.24"]
[EventType "swiss"]
[EventRounds "10"]
[EventCountry "DEN"]
[SourceDate "2004.01.01"]

1. f4 e5 2. fxe5 d6 3. Nf3 Nc6 4. exd6 Bxd6 5. Nc3 Bg4 6. g3 h5 7. Ne4 Be7 8.
d3 h4 9. Bg2 f5 10. Neg5 Bxf3 11. Nxf3 hxg3 12. hxg3 Rxh1+ 13. Bxh1 g5 14. c3
Qd6 15. Kf2 Nh6 16. Nxg5 Ng4+ 17. Kg2 O-O-O 18. Qf1 Qg6 19. Nf3 Bd6 20. Nh4
Ne3+ 0-1